| 000 | 01231cad a2200277 4500 | ||
|---|---|---|---|
| 001 | L158868 | ||
| 008 | 100215n2013 000 0 eng u | ||
| 020 | _a9781783210305 | ||
| 035 | _a(Sirsi) u158868 | ||
| 041 | _aeng | ||
| 100 | 1 | _aOdeyinka, Henry | |
| 111 | 2 |
_aConstruction and Building Research Conference _cIIT Delhi, New Delhi _d10-12 September 2013 |
|
| 245 | 0 | 0 |
_aModelling risk impacts on schedule overrun in traditional procurement _h[electronic resource] |
| 260 |
_aLondon _bRICS _c2013 |
||
| 490 | 0 |
_aCOBRA _v2013 |
|
| 520 | _aA paper presented at the COBRA Conference in New Delhi on 10-12 September 2013. Looks at developing model of practical use to the project manager and contract manager who need to deal with schedule overrun as risk eventuates. The objective of this study is to model risk impacts on the variance between the scheduled and actual project completion duration in traditional procurement. | ||
| 650 | 2 | 4 | _aCONSTRUCTION AND BUILDING RESEARCH CONFERENCE (COBRA) |
| 650 | 2 | 4 | _aSCHEDULING |
| 650 | 2 | 4 | _aOVERRUN |
| 650 | 2 | 4 | _aARTIFICIAL NEURAL NETWORKS |
| 650 | 2 | 4 | _aRISK ANALYSIS |
| 651 | 4 |
_aUnited Kingdom _y |
|
| 690 |
_aProcurement _96260 |
||
| 700 | 1 | _aLarkin, Keren | |
| 942 | _n0 | ||
| 999 |
_c115557 _d115557 |
||